000 00415nam a2200145Ia 4500
005 20250626011616.0
008 240331s9999 xx 000 0 und d
082 _bWIJ
_a352
100 _aWijesinghe,P.R.H
245 0 _aSanwardena virodhi Sri Lanka deshapalanaya
260 _aMoratuwa
_bD. P. Dodamgoda & Company
_c1978
300 _a123 p .,
500 _aA book on Anti Development Sr Lankan Politics
942 _cL
999 _c5140
_d5140